| 000 | 00482nam a22001575i 4500 | ||
|---|---|---|---|
| 001 | 165730 | ||
| 003 | ES-MaACL | ||
| 005 | 20230906213209.0 | ||
| 008 | 050905s1861 it | |||||||| ||ita d | ||
| 040 |
_aCAM _bspa _cCAM |
||
| 245 | 0 | 0 | _aStatistica amministrativa del Regno d'Italia. |
| 250 | _a2ยช ed. riveduta et ampliata. | ||
| 260 |
_aTorino : _bMinistero del l'Interno, _c1861 ( _fEredi Botta) |
||
| 300 |
_aXII, 380 p. ; _c27 cm. |
||
| 852 |
_aES-MaACL _jC-13336 _z-- Enc. hol. |
||
| 999 |
_c165730 _d165730 |
||